Finalidad, necesidad y accidente en Aristóteles: un estudio sobre Partes de los animales y Generación de los animales

Збережено в:
Бібліографічні деталі
Автор: Molina González, Liliana Cecilia (autora)
Формат: Книга
Мова:Іспанська
Опубліковано: Medellín Universidad de Antioquía 2010
Серія:Filosofía
Предмети:
Теги: Додати тег
Немає тегів, Будьте першим, хто поставить тег для цього запису!

MARC

LEADER 00000cam a2200000 a 4500
001 UCF2959
003 CL-VaPUC
008 120914e20100000CK |||||||||||||||||spa|d
020 |a 9789587143553 
082 0 4 |a 185  |b MOL  |2 21 
100 |a Molina González, Liliana Cecilia  |e autora  |9 576342 
245 1 0 |a Finalidad, necesidad y accidente en Aristóteles: un estudio sobre Partes de los animales y Generación de los animales 
300 |a 212 p 
942 |c BK 
945 |d 20120914 00:00:00  |a dcastane 
260 |a Medellín  |b Universidad de Antioquía  |c 2010 
650 0 |a Teleología   |9 325013 
650 0 |a Filosofía antigua   |9 255705 
650 0 |a Animales   |9 269820 
583 |a last modification  |c 20141127 03:52:09  |k Rodrigo Vera 
490 0 |a Filosofía 
999 |c 349497  |d 349495 
952 |0 0  |1 0  |4 0  |6 185_000000000000000_MOL_2010  |7 0  |8 A  |9 452124  |a BIBEDU  |b BIBEDU  |d 2019-11-22  |i 4903145  |o 185 MOL 2010  |p 4903145  |r 2019-11-22  |w 2019-11-22  |y BK  |k FIL 
952 |0 0  |1 0  |4 0  |6 185_000000000000000_MOL_2010  |7 0  |8 A  |9 452125  |a BIBEDU  |b BIBEDU  |d 2019-11-22  |i 4944453  |o 185 MOL 2010  |p 4944453  |r 2019-11-22  |w 2019-11-22  |y BK  |k FIL